[Event "BRA-ch Amateurs U2000"]
[White "Pimenta, Heitor Castelar Bri"]
[Black "Oliveira, Douglas Carvalho"]
[Site "Sao Paulo"]
[Round "5"]
[Result "0-1"]
[Date "2024.06.01"]
[WhiteElo "1894"]
[BlackElo "1737"]
[PlyCount "58"]
[EventDate "2024.05.30"]
[EventType "swiss"]
[EventRounds "7"]
[EventCountry "BRA"]
[SourceTitle "CBM 220 Extra"]
[Source "ChessBase"]
[SourceDate "2024.07.31"]
[SourceVersion "1"]
[SourceVersionDate "2024.07.31"]
[SourceQuality "1"]

1. d4 d5 2. c4 dxc4 3. Nf3 Nf6 4. e3 e6 5. Bxc4 c5 6. 0-0 a6 7. a4 Nc6 8. Qe2 cxd4 9. Rd1 Be7 10. Nc3 0-0 11. exd4 Nb4 12. Bg5 b6 13. d5 Qc7 14. dxe6 fxe6 15. Bxe6+ Bxe6 16. Qxe6+ Kh8 17. Rac1 Bc5 18. Bxf6 Rxf6 19. Nd5 Bxf2+ 20. Kxf2 Qxc1 21. Nxf6 Qxd1 22. Qe4 Qc2+ 23. Qxc2 Nxc2 24. Nd5 b5 25. a5 Rd8 26. Nc3 Nb4 27. Ne5 Rd2+ 28. Kf3 Rxb2 29. h4 Rb3 0-1

[Event "BRA-ch Amateurs U2000"]
[White "Jorge, Denrick Cabral Jose"]
[Black "Oliveira, Douglas Carvalho"]
[Site "Sao Paulo"]
[Round "3"]
[Result "0-1"]
[Date "2024.05.31"]
[WhiteElo "1908"]
[BlackElo "1737"]
[PlyCount "105"]
[EventDate "2024.05.30"]
[EventType "swiss"]
[EventRounds "7"]
[EventCountry "BRA"]
[SourceTitle "CBM 220 Extra"]
[Source "ChessBase"]
[SourceDate "2024.07.31"]
[SourceVersion "1"]
[SourceVersionDate "2024.07.31"]
[SourceQuality "1"]

1. e4 e5 2. Nc3 Nf6 3. f4 d6 4. Nf3 exf4 5. d4 Be7 6. Bxf4 0-0 7. Qd2 c6 8. Bd3 Re8 9. 0-0 Nbd7 10. Qf2 Qb6 11. a3 Ng4 12. Qd2 Nf8 13. h3 Nf6 14. Qf2 Ng6 15. Be3 Qc7 16. Rae1 Rf8 17. e5 dxe5 18. dxe5 Nxe5 19. Nxe5 Qxe5 20. Bxa7 Qc7 21. Bb6 Qd6 22. Rd1 Qb8 23. Qh4 h6 24. Bd4 Ng4 25. Qxg4 Bxg4 26. hxg4 Qg3 27. Bf5 Bd6 28. Rf3 Qh2+ 29. Kf1 Rfe8 30. Bg1 Qe5 31. Re3 Qf4+ 32. Rf3 Qc4+ 33. Rfd3 Be5 34. b3 Qa6 35. Na4 Red8 36. Nb6 Rab8 37. Nd7 g6 38. Nxb8 Rxb8 39. Be4 Rd8 40. a4 Rxd3 41. Bxd3 Qa5 42. Be3 Kg7 43. Bc4 Bg3 44. Bd4+ Kf8 45. Be3 g5 46. Ke2 Qe5 47. Kf3 Bh4 48. Ke2 Qg3 49. Rf1 Qxg4+ 50. Kd3 f5 51. Be6 Qe4+ 52. Ke2 Qxe6 53. Kd3 0-1

[Event "BRA-ch Amateurs U2000"]
[White "Oliveira, Douglas Carvalho"]
[Black "Teixeira, Maria Luiza Prado"]
[Site "Sao Paulo"]
[Round "4"]
[Result "1-0"]
[Date "2024.05.31"]
[WhiteElo "1737"]
[BlackElo "1928"]
[PlyCount "85"]
[EventDate "2024.05.30"]
[EventType "swiss"]
[EventRounds "7"]
[EventCountry "BRA"]
[SourceTitle "CBM 220 Extra"]
[Source "ChessBase"]
[SourceDate "2024.07.31"]
[SourceVersion "1"]
[SourceVersionDate "2024.07.31"]
[SourceQuality "1"]

1. d4 d5 2. Nc3 Nf6 3. Bf4 Bf5 4. e3 e6 5. Nf3 c5 6. Ne5 a6 7. g4 Be4 8. f3 Bg6 9. h4 h6 10. Nxg6 fxg6 11. Bd3 Kf7 12. dxc5 Bxc5 13. h5 g5 14. Bg6+ Ke7 15. Bxb8 Qxb8 16. Qe2 Qg3+ 17. Kd2 Bxe3+ 18. Qxe3 d4 19. Qe2 Qf4+ 20. Ke1 dxc3 21. bxc3 Rhd8 22. Bd3 Nd5 23. Rb1 Qc7 24. Rb3 Nxc3 25. Qh2 Rd6 26. Qe5 Kd8 27. Rxc3 Qd7 28. Kf2 Ke7 29. Rd1 Rd5 30. Qxg7+ Ke8 31. Qg8+ Ke7 32. Qg6 e5 33. Qf5 Ke8 34. Qxd7+ Rxd7 35. Re1 Kf7 36. Rc5 Re8 37. Rb1 Re6 38. Bf5 Rd2+ 39. Ke3 Red6 40. Bd3 Rh2 41. Rc7+ Ke8 42. Bc4 e4 43. fxe4 1-0

[Event "BRA-ch Amateurs U2000"]
[White "De Freitas, Jose Renato Silva"]
[Black "Oliveira, Douglas Carvalho"]
[Site "Sao Paulo"]
[Round "1"]
[Result "1/2-1/2"]
[Date "2024.05.30"]
[WhiteElo "1882"]
[BlackElo "1737"]
[PlyCount "124"]
[EventDate "2024.05.30"]
[EventType "swiss"]
[EventRounds "7"]
[EventCountry "BRA"]
[SourceTitle "CBM 220 Extra"]
[Source "ChessBase"]
[SourceDate "2024.07.31"]
[SourceVersion "1"]
[SourceVersionDate "2024.07.31"]
[SourceQuality "1"]

1. d4 d5 2. c4 e6 3. Nc3 Nf6 4. Bg5 a6 5. cxd5 exd5 6. Bxf6 gxf6 7. e3 Nc6 8. Qb3 Ne7 9. Nf3 Bg7 10. Bd3 c6 11. 0-0 0-0 12. Na4 b5 13. Nc5 Bf5 14. Rac1 Bxd3 15. Nxd3 a5 16. Qc2 Kh8 17. Nf4 Rg8 18. Nh5 Qd7 19. Ng3 Bh6 20. Nh4 Rg5 21. f4 Rgg8 22. Nhf5 Nxf5 23. Nxf5 Bf8 24. Qxc6 Qxf5 25. Qxa8 Qe4 26. Rf2 Qxe3 27. Qc6 Qxd4 28. Qc3 Qe4 29. Qc2 Qe3 30. Kh1 Bd6 31. Rf3 Qe4 32. Qxe4 dxe4 33. Rff1 e3 34. Rc3 Re8 35. g3 Bb4 36. Kg2 Bxc3 37. bxc3 e2 38. Re1 Re3 39. Kf2 Rxc3 40. Rxe2 Ra3 41. Rb2 b4 42. Re2 Kg7 43. Kg2 a4 44. Rb2 b3 45. axb3 Rxb3 46. Ra2 a3 47. Kh3 f5 48. Kh4 Kf6 49. h3 Ke6 50. g4 fxg4 51. hxg4 Kd5 52. Kg5 Kc4 53. Kf6 Rf3 54. f5 Kb3 55. Rxa3+ Kxa3 56. Kxf7 h5 57. gxh5 Rxf5+ 58. Kg6 Rf2 59. h6 Rg2+ 60. Kf7 Kb4 61. h7 Rh2 62. Kg7 Rxh7+ 1/2-1/2

[Event "Rio Verde Goiano op"]
[White "Oliveira, Douglas Carvalho"]
[Black "Campos, Otavio Moraes"]
[Site "Rio Verde"]
[Round "3"]
[Result "0-1"]
[Date "2023.12.02"]
[WhiteElo "1768"]
[BlackElo "1626"]
[PlyCount "64"]
[EventDate "2023.12.01"]
[EventType "swiss"]
[EventRounds "6"]
[EventCountry "BRA"]
[SourceTitle "CBM 217 Extra"]
[Source "ChessBase"]
[SourceDate "2024.01.31"]
[SourceVersion "1"]
[SourceVersionDate "2024.01.31"]
[SourceQuality "1"]

1. Nc3 d5 2. d4 Bf5 3. Bf4 a6 4. Nf3 e6 5. e3 h6 6. Bd3 Bxd3 7. cxd3 Nf6 8. 0-0 Be7 9. h3 Nbd7 10. Rc1 Rc8 11. Qb3 b5 12. Rfe1 0-0 13. e4 dxe4 14. dxe4 c5 15. d5 c4 16. Qd1 Nc5 17. d6 Nd3 18. dxe7 Qxe7 19. Bh2 Rfd8 20. Qc2 Nxc1 21. Qxc1 Rd3 22. Rd1 b4 23. e5 bxc3 24. Rxd3 cxd3 25. exf6 Qxf6 26. Be5 d2 27. Nxd2 Qxe5 28. Nf3 Qc5 29. bxc3 Qxc3 30. Qf4 Qc1+ 31. Qxc1 Rxc1+ 32. Kh2 Rc2 0-1